[Event "NAYCC U12 w"]
[Site "Montreal CAN"]
[Date "2010.08.16"]
[Round "1"]
[White "Gologorsky, Rachel"]
[Black "Lu, Roselyn"]
[Result "1-0"]
[WhiteElo "1769"]
[BlackElo "531"]
[PlyCount "71"]
[EventDate "2010.08.16"]
[EventType "swiss"]
[EventRounds "7"]
[EventCountry "CAN"]

1. e4 e5 2. Nf3 Nc6 3. d4 exd4 4. Nxd4 Nf6 5. Nxc6 bxc6 6. e5 Qe7 7. Qe2 Nd5 8.
c4 Nf4 9. Bxf4 d5 10. exd6 Qxe2+ 11. Bxe2 cxd6 12. Bf3 c5 13. Bxa8 Be7 14. Bc6+
Bd7 15. Bxd7+ Kxd7 16. Nc3 h6 17. O-O-O Bg5 18. Rxd6+ Ke7 19. Re1+ Kf8 20. Bxg5
Kg8 21. Re8+ Kh7 22. Rxh8+ Kxh8 23. Bxh6 gxh6 24. Rxh6+ Kg7 25. Rc6 Kh7 26. Nd5
f5 27. Rf6 f4 28. Kd2 f3 29. g4 a5 30. Ke3 Kg7 31. Kf4 Kh7 32. Kg5 a4 33. Rf7+
Kg8 34. Kg6 a3 35. Ne7+ Kh8 36. Rf8# 1-0

[Event "NAYCC U12 w"]
[Site "Montreal CAN"]
[Date "2010.08.16"]
[Round "1"]
[White "Herrera Ibarrola, Maria Fernanda"]
[Black "Sametova, Zhanna"]
[Result "0-1"]
[WhiteElo "1047"]
[BlackElo "1255"]
[PlyCount "78"]
[EventDate "2010.08.16"]
[EventType "swiss"]
[EventRounds "7"]
[EventCountry "CAN"]

1. Nf3 c5 2. g3 Nc6 3. Bg2 g6 4. O-O Bg7 5. c4 Nf6 6. Nc3 O-O 7. d3 d6 8. a3
Be6 9. Rb1 d5 10. b4 cxb4 11. axb4 dxc4 12. d4 Nd5 13. Na2 Bf5 14. Rb2 Nb6 15.
Be3 Nd5 16. b5 c3 17. Nxc3 Nxc3 18. Qe1 Nxd4 19. Nxd4 Bxd4 20. Rd2 e5 21. Kh1
Qb6 22. g4 Be4 23. Rg1 Bxe3 24. fxe3 Qxe3 25. Bxe4 Nxe4 26. Rd3 Nf2+ 27. Kg2
Nxd3 28. exd3 Qxe1 29. Rxe1 Rfe8 30. Kf3 f5 31. gxf5 gxf5 32. Kg3 Kf7 33. Kh4
Kf6 34. Kh5 Rad8 35. Re3 e4 36. dxe4 Rxe4 37. Ra3 Rdd4 38. Rh3 h6 39. b6 axb6
0-1

[Event "NAYCC U12 w"]
[Site "Montreal CAN"]
[Date "2010.08.16"]
[Round "1"]
[White "Peng, Jackie"]
[Black "Lu, Jennifer"]
[Result "1-0"]
[WhiteElo "1563"]
[BlackElo "1370"]
[PlyCount "69"]
[EventDate "2010.08.16"]
[EventType "swiss"]
[EventRounds "7"]
[EventCountry "CAN"]

1. e4 e6 2. d4 d5 3. Nc3 Bb4 4. e5 c5 5. a3 Bxc3+ 6. bxc3 Qc7 7. Nf3 Nc6 8. h4
cxd4 9. cxd4 Bd7 10. Be3 Nge7 11. Bd3 Na5 12. h5 h6 13. g4 Nc4 14. Bxc4 Qxc4
15. Rb1 b6 16. Nd2 Qc7 17. f4 Ba4 18. Nb3 Rc8 19. Rc1 Qc3+ 20. Qd2 Qb2 21. O-O
Bxb3 22. cxb3 Qxb3 23. Rxc8+ Nxc8 24. f5 exf5 25. gxf5 O-O 26. f6 gxf6 27. Rxf6
Ne7 28. Kh2 Rc8 29. Qg2+ Kf8 30. Rxh6 Ng6 31. hxg6 Rc2 32. g7+ Ke7 33. g8=Q
Rxg2+ 34. Qxg2 Qxe3 35. Rh4 1-0

[Event "NAYCC U12 w"]
[Site "Montreal CAN"]
[Date "2010.08.16"]
[Round "1"]
[White "Shi, Ling Yun"]
[Black "Ding, Kimberly"]
[Result "0-1"]
[WhiteElo "1421"]
[BlackElo "1864"]
[PlyCount "210"]
[EventDate "2010.08.16"]
[EventType "swiss"]
[EventRounds "7"]
[EventCountry "CAN"]

1. d4 Nf6 2. c4 g6 3. Nc3 Bg7 4. e4 d6 5. Nf3 O-O 6. Be2 e5 7. dxe5 dxe5 8.
Qxd8 Rxd8 9. Bg5 Nbd7 10. Rd1 Rf8 11. O-O c6 12. Rd6 h6 13. Bh4 Nh5 14. Nd2 Nf4
15. Bg3 Nxe2+ 16. Nxe2 Nc5 17. b4 Ne6 18. Nb3 Re8 19. a4 Bf8 20. Rd3 Bxb4 21.
Bxe5 Ng5 22. Bc3 Bf8 23. f3 Be6 24. Nd2 Rad8 25. Rxd8 Rxd8 26. Rb1 Bc5+ 27. Kf1
Be3 28. Ke1 b6 29. Nf1 Bc5 30. Nd2 Rd3 31. a5 Be3 32. axb6 axb6 33. Rb2 Nh7 34.
Rc2 Nf8 35. Nc1 Rd8 36. Ncb3 Bd7 37. Bf6 Re8 38. g3 Ne6 39. Ke2 Bg5 40. Bxg5
Nxg5 41. Nd4 f5 42. Kd3 Nf7 43. Rb2 Rb8 44. f4 fxe4+ 45. Nxe4 Kg7 46. c5 b5 47.
Nd6 Nxd6 48. cxd6 c5 49. Re2 Kf6 50. Re7 Rd8 51. Nc2 Bf5+ 52. Kc3 Rxd6 53. Rc7
c4 54. Nb4 Be4 55. Rc5 Rb6 56. g4 Rb7 57. h4 Bf3 58. g5+ hxg5 59. hxg5+ Ke6 60.
Re5+ Kd6 61. Re3 Bg4 62. Re5 Bd7 63. Rd5+ Ke7 64. Re5+ Kf7 65. Rd5 Ra7 66. Kb2
Be8 67. Rc5 Ra4 68. Na2 Bd7 69. Rc7 Ke6 70. Rb7 Bc6 71. Rb6 Kd7 72. Rb8 Kc7 73.
Rg8 Be4 74. Re8 Bf5 75. Re5 Kc6 76. Re8 b4 77. Rb8 c3+ 78. Nxc3 bxc3+ 79. Kxc3
Rxf4 80. Rf8 Rf3+ 81. Kd4 Rg3 82. Rf6+ Kd7 83. Ke5 Rxg5 84. Kf4 Rg4+ 85. Kf3
Re4 86. Kg3 Ke7 87. Ra6 Re6 88. Ra7+ Kf6 89. Ra8 g5 90. Rf8+ Ke5 91. Ra8 g4 92.
Ra5+ Kf6 93. Ra3 Kg5 94. Rc3 Rd6 95. Ra3 Rd3+ 96. Rxd3 Bxd3 97. Kh2 Kf4 98. Kg2
g3 99. Kg1 Be4 100. Kf1 g2+ 101. Kg1 Kf3 102. Kh2 Kf2 103. Kh3 g1=Q 104. Kh4
Qg6 105. Kh3 Qh5# 0-1

[Event "NAYCC U12 w"]
[Site "Montreal CAN"]
[Date "2010.08.16"]
[Round "2"]
[White "Ding, Kimberly"]
[Black "Gologorsky, Rachel"]
[Result "0-1"]
[WhiteElo "1864"]
[BlackElo "1769"]
[PlyCount "70"]
[EventDate "2010.08.16"]
[EventType "swiss"]
[EventRounds "7"]
[EventCountry "CAN"]

1. e4 c5 2. Nf3 d6 3. d4 cxd4 4. Nxd4 Nf6 5. Nc3 Nc6 6. Be3 Ng4 7. Bg5 Qb6 8.
Be2 Nxd4 9. Nd5 Qc5 10. b4 Nxc2+ 11. Kd2 Nxb4 12. Qa4+ Bd7 13. Qxb4 Qxb4+ 14.
Nxb4 Nxf2 15. Bf3 Nxh1 16. Rxh1 e6 17. a3 Be7 18. Be3 O-O 19. g4 d5 20. exd5
Bxb4+ 21. axb4 exd5 22. h4 Bc6 23. Bd4 a5 24. bxa5 Rxa5 25. g5 Ra2+ 26. Ke3
Re8+ 27. Kf4 Ra4 28. Rd1 Rc4 29. h5 Re6 30. Kg3 h6 31. gxh6 Rxh6 32. Be5 d4 33.
Be2 Rc2 34. Bg4 Rg2+ 35. Kh3 f5 0-1

[Event "NAYCC U12 w"]
[Site "Montreal CAN"]
[Date "2010.08.16"]
[Round "2"]
[White "Lu, Jennifer"]
[Black "Herrera Ibarrola, Maria Fernanda"]
[Result "1-0"]
[WhiteElo "1370"]
[BlackElo "1047"]
[PlyCount "67"]
[EventDate "2010.08.16"]
[EventType "swiss"]
[EventRounds "7"]
[EventCountry "CAN"]

1. e4 g6 2. d4 Bg7 3. Nf3 c5 4. c4 Nc6 5. Be3 Nf6 6. Nc3 O-O 7. Be2 Qa5 8. O-O
d6 9. h3 a6 10. d5 Na7 11. Qc2 b5 12. b3 Ne8 13. Rac1 e6 14. Bd2 exd5 15. exd5
Nc7 16. Nxb5 Qb6 17. Nxc7 Qxc7 18. Bf4 Bf5 19. Qd2 Rfe8 20. Bd3 Qd7 21. Bxf5
Qxf5 22. Bxd6 Qh5 23. Bxc5 Bh6 24. Be3 Bxe3 25. fxe3 Qh6 26. Qe2 Rxe3 27. Qd2
Rae8 28. Rce1 Kg7 29. Qd4+ Kg8 30. Qxa7 Rxe1 31. Nxe1 Qd2 32. Qxf7+ Kh8 33.
Qxe8+ Kg7 34. Qf8# 1-0

[Event "NAYCC U12 w"]
[Site "Montreal CAN"]
[Date "2010.08.16"]
[Round "2"]
[White "Lu, Roselyn"]
[Black "Amirshadova, Victoria"]
[Result "0-1"]
[WhiteElo "531"]
[BlackElo "619"]
[PlyCount "66"]
[EventDate "2010.08.16"]
[EventType "swiss"]
[EventRounds "7"]
[EventCountry "CAN"]

1. e4 e5 2. Nf3 Nc6 3. Bc4 Nf6 4. d3 Bc5 5. Be3 Bxe3 6. fxe3 O-O 7. h3 d6 8.
O-O h6 9. Qe1 g5 10. Qg3 g4 11. hxg4 Nxg4 12. d4 Kh8 13. Re1 Qe7 14. dxe5 dxe5
15. Nh2 Rg8 16. Nxg4 Rxg4 17. Qh3 Rg6 18. Rf1 Bxh3 19. Rf2 Rg7 20. Nc3 Rag8 21.
Bf1 Rg3 22. Nd5 Qg5 23. Nf6 Rg6 24. Rd1 Bxg2 25. Rf5 Bxe4+ 26. Kf2 Qxf5+ 27.
Ke1 Rxf6 28. Kd2 Qf2+ 29. Kc1 Rd6 30. b3 Rxd1+ 31. Kxd1 Qxc2+ 32. Ke1 Rxe3+ 33.
Be2 Qxe2# 0-1

[Event "NAYCC U12 w"]
[Site "Montreal CAN"]
[Date "2010.08.16"]
[Round "2"]
[White "Sametova, Zhanna"]
[Black "Shi, Ling Yun"]
[Result "0-1"]
[WhiteElo "1255"]
[BlackElo "1421"]
[PlyCount "90"]
[EventDate "2010.08.16"]
[EventType "swiss"]
[EventRounds "7"]
[EventCountry "CAN"]

1. e4 e6 2. d4 d5 3. Nc3 Nf6 4. e5 Nfd7 5. f4 c5 6. Nf3 Nc6 7. Be3 cxd4 8. Nxd4
Bc5 9. Nxc6 bxc6 10. Bxc5 Nxc5 11. b4 Nd7 12. Qd4 Qb6 13. Qxb6 axb6 14. b5 c5
15. a4 Bb7 16. Nb1 Ke7 17. Nd2 Ra7 18. c4 d4 19. Bd3 g6 20. O-O Rha8 21. Bc2
Nf8 22. Ra3 Rd8 23. Rfa1 Rda8 24. Be4 Bxe4 25. Nxe4 Nd7 26. Nd6 f6 27. a5 fxe5
28. fxe5 Nxe5 29. axb6 Rxa3 30. Rxa3 Rxa3 31. Nc8+ Kd8 32. b7 Kc7 33. Nd6 Nd7
34. b6+ Kxd6 35. Kf1 Rb3 36. Ke2 Rxb6 37. Kd3 Ne5+ 38. Kd2 Rxb7 39. h3 Rb2+ 40.
Kd1 d3 41. g4 Nxc4 42. Kc1 d2+ 43. Kd1 Rb1+ 44. Kc2 d1=Q+ 45. Kc3 Rc1# 0-1

[Event "NAYCC U12 w"]
[Site "Montreal CAN"]
[Date "2010.08.16"]
[Round "2"]
[White "Virkud, Apurva"]
[Black "Peng, Jackie"]
[Result "1/2-1/2"]
[WhiteElo "1828"]
[BlackElo "1850"]
[PlyCount "87"]
[EventDate "2010.08.16"]
[EventType "swiss"]
[EventRounds "7"]
[EventCountry "CAN"]

1. d4 d6 2. c4 Nf6 3. Nc3 Nbd7 4. Nf3 e5 5. dxe5 dxe5 6. e4 Bb4 7. Qc2 Bxc3+ 8.
bxc3 O-O 9. Be2 Re8 10. Bg5 b6 11. Rd1 Qe7 12. O-O Bb7 13. Bxf6 Nxf6 14. Bd3
Nd7 15. Qe2 Nc5 16. Bc2 Ba6 17. Rfe1 Rad8 18. h3 Ne6 19. Bb3 Nf4 20. Qe3 Qe6
21. Kh2 Bc8 22. Ng1 Qh6 23. Ne2 Nxe2 24. Qxh6 gxh6 25. Rxe2 Rxd1 26. Bxd1 Rd8
27. Bb3 c5 28. Re1 Rd3 29. Rd1 Rxd1 30. Bxd1 Kg7 31. Kg3 Kg6 32. Bg4 Ba6 33.
Be2 Kg5 34. Bd3 Bc8 35. h4+ Kg6 36. f4 f6 37. f5+ Kg7 38. Kf3 Bd7 39. Bc2 Be8
40. Bb3 a5 41. Bc2 Kf8 42. g4 Ke7 43. a4 Kf8 44. h5 1/2-1/2

[Event "NAYCC U12 w"]
[Site "Montreal CAN"]
[Date "2010.08.17"]
[Round "3"]
[White "Amirshadova, Victoria"]
[Black "Sametova, Zhanna"]
[Result "0-1"]
[WhiteElo "1255"]
[BlackElo "619"]
[PlyCount "68"]
[EventDate "2010.08.16"]
[EventType "swiss"]
[EventRounds "7"]
[EventCountry "CAN"]

1. e4 c5 2. Nf3 Nc6 3. Nc3 d6 4. Bc4 Nf6 5. d3 e6 6. Qe2 Nd7 7. Bd2 Be7 8.
O-O-O O-O 9. h4 Nde5 10. Rh3 Nxf3 11. Qxf3 d5 12. Bb3 Nd4 13. Qg3 e5 14. Rh2
Nxb3+ 15. cxb3 d4 16. Nd5 Re8 17. Bh6 g6 18. Nxe7+ Qxe7 19. h5 b5 20. hxg6 fxg6
21. Rh5 c4 22. Rg5 Qf6 23. Rh1 cxd3 24. Kd2 Bd7 25. Rhh5 Qf4+ 26. Qxf4 exf4 27.
Kxd3 Rad8 28. g3 Bc6 29. f3 fxg3 30. Rxg3 b4 31. Rh4 Bb5+ 32. Kd2 d3 33. f4
Rxe4 34. Kd1 d2 0-1

[Event "NAYCC U12 w"]
[Site "Montreal CAN"]
[Date "2010.08.17"]
[Round "3"]
[White "Gologorsky, Rachel"]
[Black "Virkud, Apurva"]
[Result "1/2-1/2"]
[WhiteElo "1769"]
[BlackElo "1828"]
[PlyCount "51"]
[EventDate "2010.08.16"]
[EventType "swiss"]
[EventRounds "7"]
[EventCountry "CAN"]

1. e4 c5 2. c3 d6 3. d4 cxd4 4. cxd4 e6 5. Nc3 Nf6 6. Bd3 Be7 7. Nge2 O-O 8.
O-O Nc6 9. h3 a6 10. Be3 b5 11. a4 b4 12. Nb1 Bb7 13. Nd2 Rc8 14. Ng3 Qd7 15.
Nc4 Qc7 16. a5 Rb8 17. Qa4 d5 18. Nb6 dxe4 19. Nxe4 Nd5 20. Rfc1 Nxb6 21. axb6
Qd8 22. Bxa6 Bxa6 23. Rxc6 Bb7 24. Rc7 Bxe4 25. Rac1 Rxb6 26. Qa7 1/2-1/2

[Event "NAYCC U12 w"]
[Site "Montreal CAN"]
[Date "2010.08.17"]
[Round "3"]
[White "Herrera Ibarrola, Maria Fernanda"]
[Black "Lu, Roselyn"]
[Result "1-0"]
[WhiteElo "531"]
[BlackElo "1047"]
[PlyCount "105"]
[EventDate "2010.08.16"]
[EventType "swiss"]
[EventRounds "7"]
[EventCountry "CAN"]

1. Nf3 d6 2. g3 Nf6 3. Bg2 e5 4. O-O Nc6 5. c4 d5 6. Nc3 dxc4 7. Qa4 Bd7 8.
Qxc4 b6 9. Nxe5 Nxe5 10. Qd4 Nc6 11. Qc4 Bc5 12. d4 Be6 13. d5 Nxd5 14. Nxd5
O-O 15. Qd3 Nb4 16. Nxb4 Qxd3 17. Nxd3 Rad8 18. Nxc5 bxc5 19. Be3 Bd5 20. Bxc5
Bxg2 21. Kxg2 Rfe8 22. e3 a5 23. Rac1 Rd2 24. Bd4 Ra8 25. Rxc7 a4 26. Rfc1 h6
27. Rc8+ Rxc8 28. Rxc8+ Kh7 29. Rc7 f6 30. Bxf6 Kg6 31. Bxg7 a3 32. bxa3 Rxa2
33. Ra7 h5 34. e4 Re2 35. e5 Kf5 36. a4 Re4 37. a5 h4 38. a6 Ra4 39. Ra8 Ra5
40. a7 Ra6 41. Rf8+ Ke6 42. a8=Q Rxa8 43. Rxa8 hxg3 44. hxg3 Kf5 45. Rf8+ Kg6
46. e6 Kxg7 47. e7 Kg6 48. e8=Q+ Kg7 49. Qf7+ Kh6 50. Qf4+ Kg7 51. Qf6+ Kh7 52.
Rf7+ Kg8 53. Qg7# 1-0

[Event "NAYCC U12 w"]
[Site "Montreal CAN"]
[Date "2010.08.17"]
[Round "3"]
[White "Peng, Jackie"]
[Black "Ding, Kimberly"]
[Result "0-1"]
[WhiteElo "1563"]
[BlackElo "1864"]
[PlyCount "116"]
[EventDate "2010.08.16"]
[EventType "swiss"]
[EventRounds "7"]
[EventCountry "CAN"]

1. e4 e6 2. d4 d5 3. Nc3 Nf6 4. Bg5 Be7 5. e5 Nfd7 6. Bxe7 Qxe7 7. f4 a6 8. Nf3
c5 9. Bd3 Nc6 10. Be2 cxd4 11. Nxd4 Qb4 12. Nxc6 bxc6 13. Qd2 Qxb2 14. O-O Qb6+
15. Kh1 Qc7 16. Rae1 O-O 17. Bd3 Nc5 18. g4 Nxd3 19. cxd3 f5 20. gxf5 Rxf5 21.
Ne2 c5 22. d4 g6 23. dxc5 Qxc5 24. Nd4 Rf8 25. Rc1 Qe7 26. Rc3 Bb7 27. Rcf3
Rac8 28. Qg2 Rc4 29. Qg1 Kh8 30. Rd1 Re8 31. Rh3 Qf7 32. Qg5 Rec8 33. Qh6 Rc1
34. Rxc1 Rxc1+ 35. Kg2 Rc7 36. Nxe6 Qxe6 37. Qf8+ Qg8 38. Qf6+ Rg7 39. e6 Qe8
40. Kf2 Qe7 41. Qe5 h5 42. f5 Qg5 43. Qd6 Qxf5+ 44. Rf3 Qc2+ 45. Ke1 Qe4+ 46.
Kf2 Qh4+ 47. Kf1 Qe7 48. Rf8+ Kh7 49. Qb8 g5 50. Rh8+ Kg6 51. Re8 Qf6+ 52. Ke1
Bc6 53. e7 Rxe7+ 54. Rxe7 Qxe7+ 55. Kd2 Qf6 56. Qg8+ Kh6 57. Qb8 Bb5 58. Qc8 d4
0-1

[Event "NAYCC U12 w"]
[Site "Montreal CAN"]
[Date "2010.08.17"]
[Round "3"]
[White "Shi, Ling Yun"]
[Black "Lu, Jennifer"]
[Result "1-0"]
[WhiteElo "1421"]
[BlackElo "1370"]
[PlyCount "77"]
[EventDate "2010.08.16"]
[EventType "swiss"]
[EventRounds "7"]
[EventCountry "CAN"]

1. d4 d5 2. c4 c6 3. Nc3 Nf6 4. Nf3 h6 5. Bf4 Bf5 6. e3 e6 7. Bd3 Bxd3 8. Qxd3
Be7 9. O-O O-O 10. c5 b6 11. b4 a5 12. a3 Na6 13. Rfb1 axb4 14. axb4 Nxb4 15.
Rxa8 Nxd3 16. Rxd8 Rxd8 17. Bc7 Re8 18. cxb6 Bd8 19. Bd6 Nd7 20. b7 Bb6 21. Na4
Ba7 22. Nc5 N3xc5 23. dxc5 Bb8 24. Nd4 Bxd6 25. cxd6 c5 26. Nc6 f6 27. b8=Q
Nxb8 28. Nxb8 Kf8 29. Rb7 Rd8 30. d7 c4 31. Nc6 Ra8 32. d8=Q+ Rxd8 33. Nxd8 e5
34. Ne6+ Ke8 35. Nxg7+ Kf8 36. Nf5 Ke8 37. Nxh6 d4 38. exd4 exd4 39. Nf5 1-0

[Event "NAYCC U12 w"]
[Site "Montreal CAN"]
[Date "2010.08.17"]
[Round "4"]
[White "Ding, Kimberly"]
[Black "Virkud, Apurva"]
[Result "1-0"]
[WhiteElo "1864"]
[BlackElo "1828"]
[PlyCount "159"]
[EventDate "2010.08.16"]
[EventType "swiss"]
[EventRounds "7"]
[EventCountry "CAN"]

1. e4 c5 2. Nf3 d6 3. d4 cxd4 4. Nxd4 Nf6 5. Nc3 e6 6. Bg5 Be7 7. Ndb5 a6 8.
Bxf6 gxf6 9. Nd4 Bd7 10. Qd2 Nc6 11. f4 Qc7 12. f5 O-O-O 13. O-O-O Kb8 14. Kb1
Rhg8 15. Rg1 Rg7 16. Be2 Rdg8 17. g3 Nxd4 18. Qxd4 Bc6 19. Rgf1 Rc8 20. Rd2
Rgg8 21. Nd1 d5 22. Qe3 dxe4 23. Nc3 Rgd8 24. Rxd8 Bxd8 25. Nxe4 e5 26. Bd3 Be7
27. Qh6 Qb6 28. Nxf6 Qd8 29. Ne4 Qd4 30. Nc3 e4 31. Be2 Bf6 32. Qf4+ Be5 33.
Qc1 Qb6 34. Nd1 a5 35. Ne3 Bb5 36. Bxb5 Qxb5 37. Ng4 Bd4 38. Rd1 Bc3 39. Ka1
Bh8 40. Ne3 a4 41. a3 Qc5 42. Kb1 Bd4 43. Nf1 e3 44. Re1 Re8 45. g4 e2 46. Qf4+
Ka8 47. Ng3 Rc8 48. Rxe2 Qb6 49. c3 Bxc3 50. Qxa4+ Kb8 51. Rc2 Bf6 52. Rxc8+
Kxc8 53. Qe8+ Kc7 54. Qxf7+ Kb8 55. Qe8+ Kc7 56. Qe2 Qg1+ 57. Ka2 Qd4 58. Ne4
Be5 59. Nc3 Qc5 60. Kb1 Bxc3 61. bxc3 Qxa3 62. Qc4+ Kb8 63. g5 Qd6 64. Qe2 Qb6+
65. Kc2 Qc6 66. f6 Qa4+ 67. Kd2 Qf4+ 68. Kd3 Qf5+ 69. Qe4 Qh3+ 70. Kd4 Qd7+ 71.
Qd5 Qg4+ 72. Kc5 Qg1+ 73. Kd6 Qb6+ 74. Ke7 Qe3+ 75. Kf8 Qxc3 76. f7 Kc7 77. Kg8
Qc2 78. f8=Q Qg6+ 79. Kh8 Qc6 80. Qfd8# 1-0

[Event "NAYCC U12 w"]
[Site "Montreal CAN"]
[Date "2010.08.17"]
[Round "4"]
[White "Herrera Ibarrola, Maria Fernanda"]
[Black "Amirshadova, Victoria"]
[Result "1-0"]
[WhiteElo "1047"]
[BlackElo "619"]
[PlyCount "41"]
[EventDate "2010.08.16"]
[EventType "swiss"]
[EventRounds "7"]
[EventCountry "CAN"]

1. Nf3 d5 2. g3 Nf6 3. Bg2 Nc6 4. O-O e5 5. c4 d4 6. d3 Be6 7. e3 e4 8. Nxd4
Nxd4 9. exd4 Qd7 10. dxe4 Bxc4 11. Re1 O-O-O 12. Bf4 h5 13. h4 Bb4 14. Nc3 Qe7
15. a3 Ba5 16. Qa4 Bxc3 17. bxc3 Be6 18. Qxa7 Rde8 19. d5 Bg4 20. f3 Bd7 21.
Qa8# 1-0

[Event "NAYCC U12 w"]
[Site "Montreal CAN"]
[Date "2010.08.17"]
[Round "4"]
[White "Lu, Jennifer"]
[Black "Lu, Roselyn"]
[Result "1-0"]
[WhiteElo "1370"]
[BlackElo "531"]
[PlyCount "75"]
[EventDate "2010.08.16"]
[EventType "swiss"]
[EventRounds "7"]
[EventCountry "CAN"]

1. e4 e5 2. Nf3 Nc6 3. d4 exd4 4. Nxd4 Bc5 5. Be3 b6 6. Nxc6 dxc6 7. Qxd8+ Kxd8
8. Bxc5 bxc5 9. Bc4 Be6 10. Bxe6 fxe6 11. Nc3 Nf6 12. O-O-O+ Ke8 13. Rd2 Kf7
14. Rhd1 Rhf8 15. h3 a5 16. g4 h6 17. f4 g5 18. f5 exf5 19. gxf5 a4 20. a3 Ke7
21. Rf2 Rfd8 22. e5 Rxd1+ 23. Kxd1 Rd8+ 24. Kc1 Nd7 25. Nxa4 Nxe5 26. Nxc5 Rd5
27. b4 Kd8 28. f6 Kc8 29. f7 Nxf7 30. Rxf7 Kd8 31. a4 Ke8 32. Rxc7 Rd4 33. a5
Rxb4 34. a6 Ra4 35. Nxa4 Kd8 36. Rh7 g4 37. a7 Ke8 38. a8=Q# 1-0

[Event "NAYCC U12 w"]
[Site "Montreal CAN"]
[Date "2010.08.17"]
[Round "4"]
[White "Peng, Jackie"]
[Black "Shi, Ling Yun"]
[Result "1-0"]
[WhiteElo "1563"]
[BlackElo "1421"]
[PlyCount "89"]
[EventDate "2010.08.16"]
[EventType "swiss"]
[EventRounds "7"]
[EventCountry "CAN"]

1. e4 e6 2. d4 d5 3. Nc3 Nf6 4. Bg5 Be7 5. e5 Nfd7 6. Bxe7 Qxe7 7. f4 c5 8. Nf3
Nc6 9. Qd2 a6 10. O-O-O c4 11. g4 b5 12. f5 Nb6 13. Bh3 b4 14. Ne2 c3 15. bxc3
Nc4 16. Qe1 b3 17. cxb3 Qa3+ 18. Kc2 Qxa2+ 19. Kd3 Nb2+ 20. Ke3 Nxd1+ 21. Qxd1
Na5 22. Nd2 Rb8 23. b4 Nc4+ 24. Nxc4 Qxc4 25. Qd2 Bd7 26. Ra1 Rb6 27. Kf2 h5
28. Qg5 Bb5 29. Bf1 Rh7 30. gxh5 Qc8 31. f6 Kf8 32. fxg7+ Rxg7 33. Qf6 Rb8 34.
Nf4 Bxf1 35. Ng6+ Rxg6 36. hxg6 Ke8 37. Qxf7+ Kd8 38. g7 Qd7 39. g8=Q+ Kc7 40.
Qxb8+ Kxb8 41. Qxd7 Bb5 42. Qe7 Ka8 43. Rg1 Kb8 44. Rg8+ Be8 45. Rxe8# 1-0

[Event "NAYCC U12 w"]
[Site "Montreal CAN"]
[Date "2010.08.17"]
[Round "4"]
[White "Sametova, Zhanna"]
[Black "Gologorsky, Rachel"]
[Result "0-1"]
[WhiteElo "1255"]
[BlackElo "1769"]
[PlyCount "82"]
[EventDate "2010.08.16"]
[EventType "swiss"]
[EventRounds "7"]
[EventCountry "CAN"]

1. e4 c5 2. Nf3 d6 3. d4 cxd4 4. Nxd4 Nf6 5. Nc3 Nc6 6. Bg5 e6 7. Qd2 a6 8.
O-O-O Bd7 9. Be2 b5 10. f4 Qa5 11. Nb3 Qc7 12. e5 dxe5 13. Bxf6 gxf6 14. Ne4
Be7 15. Nbc5 Nd4 16. Nxd7 Qxd7 17. fxe5 fxe5 18. Bh5 Qc6 19. Qf2 Qxe4 20. Bxf7+
Kd7 21. Rxd4+ Qxd4 22. Rd1 Bg5+ 23. Rd2 Qxd2+ 24. Qxd2+ Bxd2+ 25. Kxd2 Raf8 26.
Bh5 Rf2+ 27. Kd3 Rxg2 28. Bf3 Rxh2 29. Be4 h5 30. b3 h4 31. Bb7 h3 32. a4 Rd8
33. Kc3 Kc7 34. Be4 Rdd2 35. axb5 axb5 36. Kb2 Rhg2 37. Ka3 h2 38. c4 h1=Q 39.
Kb4 bxc4 40. bxc4 Rb2+ 41. Kc5 Qg1# 0-1

[Event "NAYCC U12 w"]
[Site "Montreal CAN"]
[Date "2010.08.18"]
[Round "5"]
[White "Amirshadova, Victoria"]
[Black "Ding, Kimberly"]
[Result "0-1"]
[WhiteElo "619"]
[BlackElo "1864"]
[PlyCount "78"]
[EventDate "2010.08.16"]
[EventType "swiss"]
[EventRounds "7"]
[EventCountry "CAN"]

1. e4 e6 2. d4 d5 3. Nc3 Nf6 4. Bd3 c5 5. b3 cxd4 6. Nce2 dxe4 7. Bb5+ Bd7 8.
Bxd7+ Qxd7 9. Nxd4 Bb4+ 10. Kf1 Bc3 11. Rb1 Bxd4 12. Ne2 Bb6 13. Qxd7+ Nbxd7
14. g3 Ng4 15. Kg2 Nxf2 16. Rf1 Ng4 17. h3 Ngf6 18. Ba3 Nd5 19. Kh1 Bc5 20. b4
Be7 21. Rb3 N7b6 22. c4 Nxc4 23. Bc1 O-O 24. b5 e3 25. Rd3 Rad8 26. Rfd1 Nb4
27. Rxd8 Rxd8 28. Rxd8+ Bxd8 29. h4 Nxa2 30. h5 Ba5 31. Kg1 Bd2 32. Kf1 Nxc1
33. g4 Nxe2 34. Kxe2 a5 35. Kd3 a4 36. Kxc4 e2 37. Kd3 e1=Q 38. Kd4 Qe3+ 39.
Kc4 Qc3# 0-1

[Event "NAYCC U12 w"]
[Site "Montreal CAN"]
[Date "2010.08.18"]
[Round "5"]
[White "Gologorsky, Rachel"]
[Black "Peng, Jackie"]
[Result "1-0"]
[WhiteElo "1769"]
[BlackElo "1563"]
[PlyCount "77"]
[EventDate "2010.08.16"]
[EventType "swiss"]
[EventRounds "7"]
[EventCountry "CAN"]

1. e4 d6 2. d4 Nf6 3. Bd3 Nbd7 4. Ne2 e5 5. c3 Be7 6. f4 b6 7. Ng3 Bb7 8. O-O
O-O 9. Nd2 Re8 10. Qb3 exd4 11. cxd4 d5 12. e5 Ng4 13. h3 Nh6 14. Qc2 Nf8 15.
f5 f6 16. e6 c5 17. Bb5 Qd6 18. Bxe8 Qxg3 19. Bh5 cxd4 20. Nf3 Ba6 21. Rd1 Bc5
22. Qa4 Be2 23. Bxh6 Bxf3 24. Bxf3 d3+ 25. Kh1 Bd6 26. Kg1 Qh2+ 27. Kf2 gxh6
28. Qg4+ Kh8 29. Bxd5 Bc5+ 30. Kf3 Qe5 31. Qe4 Qxb2 32. Bxa8 Qf2+ 33. Kg4 Ng6
34. fxg6 hxg6 35. Qxg6 Qe2+ 36. Bf3 Qxe6+ 37. Kh4 Be3 38. Be4 Bg5+ 39. Kh5 1-0

[Event "NAYCC U12 w"]
[Site "Montreal CAN"]
[Date "2010.08.18"]
[Round "5"]
[White "Lu, Roselyn"]
[Black "Sametova, Zhanna"]
[Result "0-1"]
[WhiteElo "531"]
[BlackElo "1255"]
[PlyCount "102"]
[EventDate "2010.08.16"]
[EventType "swiss"]
[EventRounds "7"]
[EventCountry "CAN"]

1. e4 e5 2. Nf3 Nc6 3. d4 exd4 4. Nxd4 g6 5. c3 Nf6 6. Bd3 Bg7 7. Nxc6 bxc6 8.
e5 Nd5 9. c4 Nb4 10. Bf4 Nxd3+ 11. Qxd3 d6 12. Nc3 dxe5 13. Qxd8+ Kxd8 14. Bd2
Be6 15. b3 Ke7 16. Ne4 a5 17. Nc5 Bf5 18. O-O Rhd8 19. Rad1 Rd6 20. Bg5+ f6 21.
Be3 Bf8 22. Rxd6 cxd6 23. Na4 d5 24. Nb6 Rd8 25. Rd1 d4 26. g4 Bxg4 27. Rd2
dxe3 28. Rxd8 Kxd8 29. fxe3 Bc5 30. Na4 Bxe3+ 31. Kf1 Bd4 32. Ke1 Bf5 33. Kd2
e4 34. Ke2 e3 35. a3 Bg4+ 36. Ke1 e2 37. h4 Be5 38. Kf2 Bg3+ 39. Kxg3 e1=Q+ 40.
Kxg4 h5+ 41. Kf4 Qxh4+ 42. Ke3 Qg3+ 43. Kd4 Qd6+ 44. Kc3 Qxa3 45. c5 Qb4+ 46.
Kb2 h4 47. Nc3 Qxc3+ 48. Kxc3 h3 49. Kb2 h2 50. Ka3 h1=Q 51. Ka4 Qa1# 0-1

[Event "NAYCC U12 w"]
[Site "Montreal CAN"]
[Date "2010.08.18"]
[Round "5"]
[White "Virkud, Apurva"]
[Black "Lu, Jennifer"]
[Result "0-1"]
[WhiteElo "1828"]
[BlackElo "1370"]
[PlyCount "80"]
[EventDate "2010.08.16"]
[EventType "swiss"]
[EventRounds "7"]
[EventCountry "CAN"]

1. d4 d5 2. c4 c6 3. Nc3 Nf6 4. e3 Bf5 5. Nf3 h6 6. Be2 e6 7. O-O Bd6 8. Bd2
O-O 9. Rc1 Nbd7 10. a3 a5 11. h3 b6 12. Qb3 Rb8 13. Qd1 Ne4 14. cxd5 cxd5 15.
Re1 Ndf6 16. Ne5 Nxc3 17. Bxc3 Rc8 18. Bf3 Nh7 19. Bg4 Qg5 20. Bxf5 Qxf5 21.
Nd7 Rfe8 22. Nxb6 Rcd8 23. Bxa5 Rb8 24. b4 Ng5 25. Qg4 Qd3 26. a4 Bxb4 27. Bxb4
Rxb6 28. Bc5 Rc6 29. Qe2 Qg6 30. Kh1 Ra8 31. Ra1 Rca6 32. Qb2 Rxa4 33. Rxa4
Rxa4 34. Rc1 Ne4 35. Kg1 Ng5 36. Kh2 Ne4 37. Qb3 Ra8 38. Qc2 Qf6 39. f3 Ng5 40.
Qe2 e5 0-1